Statistiques concernant responsabilité admin pour faute : CE

Cliquez ici pour prendre le quiz!

Statistiques générales

  • Ce quiz a été pris 8 fois
  • Le résultat moyen est 7 sur 44

Statistiques - réponses

HintRéponse% Correct
faute simple pour acte chir medepoux V1992
100%
distinction crée entre la faute personnelle et de servicepelletier1873
100%
arret creant la theorie du cumul de fautes (postier vener)anguet1911
67%
faute personelle de particuliere gravité (faux en ecriture pb magistrat)M.A2015
67%
E responsable des fautes se rattachant a l'exe du sp de policetomaso grecco1905
67%
sauvetage en mer cest faute simpleameon1998
33%
faute lourde si controle prefetcommune de saint florent2000
33%
dysfonction justice administratif faute lourde pgddarmont1978
33%
fazute simple si op juridiquedriancourt1973
33%
action recursoire par l'adminlaruelle et delville1951
33%
arret creant le cumul de responsabilités (fete de 6T)lemonnier1918
33%
faute simple taule si suicidem.d2007
33%
hopital faute lourde si acte med chirrouzet1959
33%
samu faute simpletheux1997
33%
faute perso diff de voie de faitaction francaise TC1935
0%
cumul de responsabilité a l'occas du service : policier bourré barbernard1954
0%
dysfonnction judiciaire tigroubolle et laroche cass2001
0%
services fiscaux : faute simple si difficulté particulierebourgeois1950
0%
faute simple succession en taulecharbra2003
0%
probleme pose par l'exigence de faute lourde pour acte med chirCHR orleans CAA nantes1989
0%
faute personelle car violence arret 1 (police concierge bam bim)delatre TC1953
0%
faute personelle materiellement (pompier)echirolles1991
0%
faute lourde si op materielle turquieerez & yener1987
0%
cumul responsabilité he tire moi dessusFGVTI CAA nantes2014
0%
dysfonction justice judiciaire meutrier violeurguy george TC paris2001
0%
lutte feu faute simplehannapes1998
0%
faute personelle car violence arret 2 (facteur vener)kessler TC1987
0%
servicces fiscaux : faute simple dans tt les caskrupa2011
0%
faute ssimple justice si meconaissance delai raisonnablemagiera2002
0%
police frontieres faute simplem et mme k2018
0%
faute lourde si controlemeurthe et moselle1946
0%
cumul de responsabilité avec moyens du service : militaire vehiculemimeur1949
0%
police phytosan faute simplemin agriculture et peche2008
0%
faute lourde is op materielle dysfonction S rsm merah2018
0%
arret consacrant la theorie du cumul de fautes (party militaire taxi dead)occelli1963
0%
faute personelle car malveillance deliberee arret 2 (maton vol)ousmar samba1953
0%
arret confirme theorie du cumul de faute mm si etatpapon2002
0%
faute personelle car malveillance deliberee arret 1 (poste detour)quesnel1937
0%
cumul responsabilité volonte d'indemnisation manifesteraszewski1988
0%
cumul de responsabilité nettoie armesadoudi1973
0%
faute perso diff d'infraction penalethepaz TC1935
0%
faute lourde si controle prefet 2vaux le peril CAA paris2014
0%
faute lourde neccessaire en tauleveuve picard1971
0%
faute simple generalisee en taulezaouiya2008
0%

Distribution des résultats

Percentile par nombre de réponses

% des personnes avec chaque résultat

Votre développement - résultats

Vous n’avez pas pris ce quiz